000 00947nam a2200289 a 4500
001 54766
003 AR-BaAGN
005 20250829115840.0
007 ta
008 s ag |||||r|||| ||| ||spa d
020 _a9789878309996
040 _aAR-BaAGN
_bspa
_eaacr
100 _aNessi, Carlos María,
_d1978-
_99319
245 1 0 _aPatrimonio funerario de la República Argentina declarado histórico a nivel nacional /
_cCarlos María Nessi; María del Carmen Laje.
250 _a1a ed.
260 _aLoma Hermosa :
_bAqL,
_c2022.
300 _a320 páginas :
_bfotografías ;
_c28 cm.
336 _btxt
_2rdacontent
337 _bn
_2rdamedia
338 _bnc
_2rdacarrier
650 4 _aPATRIMONIO HISTÓRICO CULTURAL
_92156
650 4 _aCONSERVACIÓN DEL PATRIMONIO
_9622
650 4 _aCEMENTERIOS
_95460
650 4 _aLUGARES Y MONUMENTOS HISTÓRICOS
_91239
700 1 _aLaje, María del Carmen,
_d1958-
_99320
942 _cLIBRO
_kAGN
_n0
999 _c54766
_d54766